Thủ công kỉ thuật và phương pháp dạy học thủ công kỷ thuật ở TH Bài giảng ĐTCĐSPTH
.
Đã lưu trong:
| Tác giả chính: | |
|---|---|
| Định dạng: | Sách |
| Năm xuất bản: |
Quảng Bình.
Đại học Quảng Bình
2009
|
| Chủ đề: | |
| Tags: |
Thêm thẻ
Không có thẻ, Hãy là người đầu tiên gắn thẻ bản ghi này!
|
| LEADER | 00720nam a2200193 4500 | ||
|---|---|---|---|
| 999 | |c 14227 |d 14227 | ||
| 082 | |a 372.55044 |b NG527TH | ||
| 100 | |a Nguyễn Thị Huệ | ||
| 245 | |a Thủ công kỉ thuật và phương pháp dạy học thủ công kỷ thuật ở TH |b Bài giảng ĐTCĐSPTH |c Nguyễn Thị Huệ | ||
| 260 | |a Quảng Bình. |b Đại học Quảng Bình |c 2009 | ||
| 300 | |a 51tr. |c 30cm | ||
| 520 | |a . | ||
| 653 | |a Giáo dục tiểu học | ||
| 653 | |a Kỷ thuật | ||
| 653 | |a Thủ công | ||
| 653 | |a dạy học | ||
| 653 | |a bài giảng | ||
| 942 | |2 ddc |c TC | ||
| 952 | |0 0 |1 0 |2 ddc |4 0 |6 372_550440000000000_NG527TH |7 0 |9 111208 |a qbu |b qbu |c D1 |d 2017-07-14 |o 372.55044 NG527TH |p BG253.c1 |r 2017-07-14 |w 2017-07-14 |y TC | ||